• 首页
  • 本馆介绍
  • 公告通知
  • 最新文献
  • 馆藏检索
  • 电子资源
  • 读者导购
  • 参考咨询
  • 我的图书馆
  • 登录
  • 详细信息显示
  • 放入我的书架
  • 预约/预借图书
  • 作者相关作品
  • 分类相关作品
  • 丛书相关作品
  • 出版社相关作品

书目信息

  • 表格格式
  • 工作单格式
  • 卡片格式
题名:
中学地理自学读本
    
 
作者: 夏慰曾 编著
分册:  
出版信息: 北京   地质出版社  1984
页数: 315页
开本: 19cm
丛书名:
单 册:
中图分类: G634.55 , G633.55
科图分类:
主题词: 地理--中学--自学参考资料 , 教育--各级
电子资源:
ISBN:
000 00700nam0 2200265 45
001 0184005378
005 20040508144637.3
010    @dCNY1.15
091    @a7038.新135
100    @a19950619d1984 em y0chiy0121 ea
101 0  @achi
102    @aCN@b110000
105    @ay z 000yy
106    @ar
200 10 @a中学地理自学读本@Azhong xue di li zi xue du ben@f夏慰曾编著
210    @a北京@c地质出版社@d1984
215    @a315页@d19cm
606    @a地理@x中学@x自学参考资料
606 0  @a教育@x各级
690    @aG634.55@v3
690    @aG633.55
701  0 @a夏慰曾@Axia wei zeng@4编著
801  0 @aCN@b上海图书馆@c20040508
801  2 @aCN@bNLC@c20040508
905    @f4@b124603-606@dG633.55@e44
    
    中学地理自学读本/夏慰曾编著.-北京:地质出版社,1984
    315页;19cm
    
    
    ISBN :CNY1.15
    
●
相关链接 在E读中查询图书 在五车中查询图书 在当当中查询图书 在豆瓣中查询图书


正题名:中学地理自学读本     索取号:G633.55/44         预约/预借

序号 登录号 条形码 馆藏地/架位号 状态 备注
1 0124603   000255949   密集书库/ [索取号:G633.55/44] 在馆    
2 0124604   000255930   密集书库/ [索取号:G633.55/44] 在馆    
3 0124605   001004772   密集书库/ [索取号:G633.55/44] 在馆    
4 0124606   001004843   密集书库/ [索取号:G633.55/44] 在馆    
5 0124607   000256001   第一样本阅览室/ [索取号:G633.55/44] 在馆    
唐山师范学院图书馆 欢迎您!
大连网信软件有限公司© 版权所有